Levant : éléments pour une bibliographie : guide du livre orientaliste /

محفوظ في:

المؤلف الرئيسي: Hage Chahine, C.

مؤلفون آخرون: Hage Chahine, N.

التنسيق: كتاب

اللغة: French

منشور في: Paris : C. & N. Hage Chahine, 1996.

الموضوعات:

الوسوم: إضافة وسم

لا توجد وسوم, كن أول من يضع وسما على هذه التسجيلة!

رقم الطلب: Z3013 .H28 1996

LEADER 00771nam a22002297a 4500
003 OSt
005 20251201101330.0
008 251201t1996 fr b 001 0 fre d
020 |a 2911617002 
040 |c ARCE Library 
050 1 4 |a Z3013  |b .H28 1996 
100 1 |a Hage Chahine, C.   |q (Carlos) 
245 1 0 |a Levant :   |b éléments pour une bibliographie : guide du livre orientaliste /   |c recueillis et classés par C. & N. Hage Chahine ; préface de Bruno Neveu. 
246 3 0 |a Guide du livre orientaliste. 
264 1 |a Paris :   |b C. & N. Hage Chahine,   |c 1996. 
300 |a xii, 339 p. ;   |c 28 cm. 
500 |a Includes indexes. 
651 0 |a Middle East -- Bibliography. 
700 1 |a Hage Chahine, N.   |q (Névine) 
901 |a reviewed 
942 |2 lcc  |c BK 
999 |c 49541  |d 49541